00874nam a2200193 4500020004300000020004600043245009300089264006500182300008700247336002100334337002500355338002300380504004900403650003300452700002700485942003000512999001700542952012100559 a0443066310 (hardback : alkaline paper) a9780443066313 (hardback : alkaline paper) aPractical pulmonary pathology :ba diagnostic approach /cKevin O. Leslie, Mark R. Wick. 1aPhiladelphia ; Edinburgh :bChurchville Livingstone,cc2005. axxv, 813 pages :billustrations (chiefly color) ;c29 cm. + e1 CD-ROM (4 3/4 in.) 2rdacontentatext 2rdamediaaunmediated 2rdacarrieravolume aIncludes bibliographic references and index. aLungs xDiseases vDiagnosis1 aWick, Mark R.,eauthor 2lcccBKhRC711iL47m2005 c38852d38852 00102lcc40708MEDCIRCaPLMbPLMcMEDLd2025-11-15eDg10.00l0oRC711 L47 2005p37781r2026-03-27w2026-03-27yBK